Spell the Marvel Character #13 - Statistics

General Stats
  • This quiz has been taken 55 times
  • The average score is 7 of 11
Answer Stats
Picture Answer % Correct
Nick Fury
100%
Human Torch
98%
Okoye
93%
Nova
90%
Iron Patriot
62%
Ka-Zar
55%
Mockingbird
48%
Moon Knight
43%
Goliath
40%
Outlaw
29%
Thunderstrike
29%
No matching quizzes found
Score Distribution
Percent of People with Each Score
Percentile by Number Answered
Your Score History
You have not taken this quiz